000 00574nam a22002057a 4500
003 KOHA_MİRAKIL
005 20260325124552.0
008 260325b tu ||||| |||| 00| 0 tur d
020 _a9786257163286
040 _aTR-AnABB
_btur
_cTR-AnABB
041 _atur
082 _a394.12
_bBOZ 2021
100 1 _aBozkurt, Fuat
245 1 0 _aTürk İçki Geleneği /
_cFuat Bozkurt
260 _aİzmir :
_bCem Yayınevi ,
_c2021
300 _a236 sayfa :
_c20 cm
650 0 4 _aİçki kültürü, Türk
900 _bCem ÖZOGLU
942 _2ddc
_cBK
999 _c10037
_d10037